Statistics for Geologic Time Scale

Click here to take the quiz!

General Stats

  • This quiz has been taken 4,997 times
    (4,485 since last reset)
  • The average score is 6 of 14

Answer Stats

StartPeriod% Correct
201Jurassic
98%
252Triassic
77%
145Cretaceous
64%
541Cambrian
48%
0.0117Holocene
34%
419Devonian
34%
298Permian
32%
443Silurian
30%
358Carboniferous
28%
485Ordovician
28%
2.58Pleistocene
26%
66Paleogene
26%
2.58Quaternary
24%
23Neogene
22%

Score Distribution

Percentile by Number Answered

Percent of People with Each Score

Your Score History

You have not taken this quiz since the last reset